|
|
|
|
| LEADER |
00000nam a2200000 a 4500 |
| 001 |
UCJ0192 |
| 003 |
CL-VaPUC |
| 005 |
20241114115913.0 |
| 008 |
060707e20060000MX |||||||||||||||||spa|d |
| 999 |
|
|
|c 317118
|d 317116
|
| 020 |
|
|
|a 9701511239
|
| 040 |
|
|
|c Pontificia Universidad Católica de Valparaíso
|
| 082 |
0 |
4 |
|a 658.151
|b DUM
|2 21
|
| 100 |
0 |
|
|a Dumrauf, Guillermo L
|e author
|9 500243
|
| 245 |
1 |
0 |
|a Finanzas corporativas
|
| 260 |
|
|
|a Ciudad de México
|b Alfaomega
|c 2006
|
| 300 |
|
|
|a 604 p
|
| 583 |
|
|
|a last modification
|c 20160621 09:48:53
|k Rodrigo Vera
|
| 650 |
|
0 |
|a Empresas
|9 893446
|x Finanzas
|
| 650 |
|
0 |
|a Planificación financiera
|2 CL-VaPUC
|9 334413
|
| 650 |
|
0 |
|a Valor financiero
|9 893682
|
| 650 |
|
0 |
|a Control presupuestario
|9 345693
|
| 942 |
|
|
|c BK
|2 ddc
|
| 945 |
|
|
|d 20060707 00:00:00
|a jtorresc
|
| 952 |
|
|
|0 0
|1 0
|4 0
|6 658_151000000000000_DUM_2006
|7 0
|8 R
|9 392883
|a BIBENE
|b BIBENE
|d 2019-11-22
|i 4247124
|l 3
|o 658.151 DUM 2006
|p 4247124
|r 2025-01-15
|s 2023-07-04
|w 2019-11-22
|y BK_R
|k ICO
|